00360pab a2200133 454500008004000000100002500040245007100065260000900136300001100145362001100156650001800167650002100185773002000206180718b2009 xxu||||| |||| 00| 0 eng d aXavier Alphonse S.J. aNew directions of higher education in the context of globalisation c2009 ap.1-6. a12 Oct aGlobalization aHigher education aUniversity News